000 00767nam a22002777a 4500
001 0028132
003 KOHA_MİRAKIL
005 20260207002620.0
007 ta
008 120823b1990 tu |||gr||||#||||0|tur |
020 _a9755400249
_c3
040 _aTR-BiSEU
_btur
_cTR-BiSEU
_erda
041 0 _atur
044 _ctu
050 _aHB171.5
_b.L57 1990
100 1 _aG. Lipsey, Richard, .
245 1 _aİktisat 2/
_cRichard G. Lipsey ; Richard G. Lipsey ; çev.Ahmet Çakmak.
264 1 _aİstanbul :
_bBilim Teknik
_c1990
300 _a413 s. ;
_c24 cm.
336 _ametin
_btxt
_2rdacontent
337 _aaracısız
_bn
_2rdamedia
338 _acilt
_bnc
_2rdacarrier
650 0 _aEconomics.
_97142
650 0 _aEkonomi.
_93230
942 _2lcc
_cBK
999 _c28056
_d28056